| 000 | 00708cam a2200217 a 4500 | ||
|---|---|---|---|
| 001 | 000001620 | ||
| 005 | 20200929145635.0 | ||
| 008 | 691027s1961 mau 001 1 eng | ||
| 040 |
_aDO-SdBNP _bspa _cBNPHU |
||
| 082 |
_a843.8 _bF587m |
||
| 100 | 1 |
_aFlaubert, Gustave, _d1821-1880. _95303 |
|
| 245 | 1 | 0 |
_aMadame Bovary / _cGustave Flaubert, presentado por Félicien Marceau. |
| 260 |
_aBoston : _bLe livre de Poche, _c1961. |
||
| 300 |
_a503 p. ; _c22 cm. |
||
| 490 | 1 |
_aTexte intégral ; _v713-714 |
|
| 650 | 4 |
_aNovela francesa _91075 |
|
| 650 | 4 |
_aLiteratura francesa _91074 |
|
| 700 | 1 | 2 |
_aMarceau, Félicien _95304 |
| 830 | 0 |
_aTexte intégral ; _n713-714 _95305 |
|
| 910 | _aValidado. Control de calidad MFF | ||
| 999 |
_c1511 _d1511 |
||